000
00224nam a2200097Ia 4500
008
230508s1997 xx 000 0 und d
041
_a
eng
100
_a
SEDHA R.S.
245
_a
A T.B. OF APPLIED ELECTRONICS
260
_c
1997
999
_c
331042
_d
331042